Brawl star - Tout les brawlers - Statistiques

Statistiques générales
  • Ce quiz a été pris 550 fois
    11 depuis la dernière actualisation
  • Le résultat moyen est 76 sur 102
Statistiques - réponses
Rareté Classe Brawler % Correct
Épique Tank Ash
100%
Rare Artillerie Bartaba
100%
Épique Tank Billie
100%
Rare Tir d'élite Brock
100%
Rare Tank Bull
100%
Mythique Assassinat Buzz
100%
Brawler temporaire Toy Story Buzz l'éclair
100%
Mythique Soutien Byron
100%
Rare Dégâts bruts Colt
100%
Légendaire Assassinat Corbac
100%
Super rare Tank Darryl
100%
Épique Artillerie Grom
100%
Légendaire Tank Draco
100%
Super rare Artillerie Dynamike
100%
Épique Assassinat Edgar
100%
Rare Tank El costo
100%
Légendaire Contrôle Emeri
100%
Épique Tank Frank
100%
Super rare Soutien Gus
100%
Mythique Tir d'élite Janet
100%
Super rare Contrôle Jessie
100%
Ultra Légendaire Assassinat Kaze
100%
Légendaire Soutien Kit
100%
Légendaire Assassinat Leon
100%
Épique Tir d'élite Mandy
100%
Mythique Assassinat Mico
100%
Mythique Contrôle Mr. M
100%
Mythique Dégâts brut Najia
100%
Rare Dégâts bruts Nita
100%
Super rare Contrôle Penny
100%
Rare Soutien Poco
100%
Épique Tir d'élite Polly
100%
Super rare Dégâts bruts Ricochet
100%
Rare Tank Rosa
100%
Premier brawler Dégâts bruts Shelly
100%
Ultra Légendaire Contrôle Sirius
100%
Légendaire Dégâts brut Spike
100%
Épique Assassinat Stu
100%
Légendaire Dégâts brut Surge
100%
Super rare Artillerie Tick
100%
Épique Tank Trunk
100%
Mythique Contrôle Willow
100%
Mythique Assassinat Alli
67%
Légendaire Contrôle Ambre
67%
Super rare Dégâts bruts A.R.K.A.D
67%
Épique Tir d'élite Béa
67%
Épique Tir d'élite Belle
67%
Épique Contrôle Bo
67%
Épique Tir d'élite Bonnie
67%
Mythique Tank Buster
67%
Super rare Dégâts bruts Carl
67%
Mythique Contrôle Charlie
67%
Mythique Contrôle Chuck
67%
Légendaire Assassinat Cordelius
67%
Épique Tir d'élite Angelo
67%
Épique Dégâts bruts Colette
67%
Mythique Contrôle D'jinn
67%
Épique Tir d'élite Maisie
67%
Épique Soutien Pam
67%
Mythique Soutient Doug
67%
Épique Contrôle Eliz@
67%
Mythique Dégats bruts Eve
67%
Mythique Assassinat Fang
67%
Épique Contrôle Gaël
67%
Mythique Assassinat Gigi
67%
Mythique Soutien Glowy
67%
Épique Tank Hank
67%
Super rare Tank Jacky
67%
Mythique Artillerie Juju
67%
Légendaire Assassinat Kenji
67%
Mythique Assassinat Lily
67%
Épique Dégâts bruts Lola
67%
Mythique Contrôle Lou
67%
Mythique Soutient Max
67%
Mythique Soutien Médor
67%
Légendaire Tank Meg
67%
Mythique Dégâts brut Mina
67%
Mythique Dégâts brut Moe
67%
Mythique Assassinat Mortis
67%
Épique Tir d'élite Nani
67%
Légendaire Tir d'élite Pierce
67%
Épique Assassinat Shade
67%
Mythique Dégâts brut Tara
67%
Mythique Contrôle Ziggy
67%
Légendaire Dégâts brut Chester
33%
Mythique Dégâts bruts Clancy
33%
Épique Soutien Berry
33%
Épique Assassinat Sam
33%
Mythique Contrôle Finx
33%
Mythique Soutien Gray
33%
Épique contrôle Griff
33%
Mythique Soutien Jae-Yong
33%
Mythique Dégâts bruts Lumi
33%
Épique contrôle Meeple
33%
Mythique Assassinat Melody
33%
Myrhique Tank Ollie
33%
Mythique Contrôle Otis
33%
Épique Dégâts bruts Pearl
33%
Mythique Dégâts brut R-T
33%
Mythique Contrôle Squeak
33%
Mythique Artillerie Wally
33%
Épique Artillerie Larry & Lawrie
0%
Aucun quiz correspondant
Distribution des résultats
% des personnes avec chaque résultat
Percentile par nombre de réponses
Votre historique - résultats
Vous n’avez pas pris ce quiz depuis la dernière actualisation